Large scale structures of the universe (Record no. 9381)

MARC details
000 -LEADER
fixed length control field 00799nam a2200253Ia 4500
003 - CONTROL NUMBER IDENTIFIER
control field IN-BaIIA
008 - FIXED-LENGTH DATA ELEMENTS--GENERAL INFORMATION
fixed length control field 211028s9999 xx 000 0 eng d
020 ## - INTERNATIONAL STANDARD BOOK NUMBER
International Standard Book Number 90-277-2744-9
040 ## - CATALOGING SOURCE
Transcribing agency IIA Library
080 ## - UNIVERSAL DECIMAL CLASSIFICATION NUMBER
Universal Decimal Classification number 082.2:52
Item number IAU-S130
245 #0 - TITLE STATEMENT
Title Large scale structures of the universe
Statement of responsibility, etc. edited by Jean Audouze, Mariechristine Pelletan and Alex Szalay
260 ## - PUBLICATION, DISTRIBUTION, ETC.
Place of publication, distribution, etc. Dordrecht
Name of publisher, distributor, etc. Kluwer Academic
Date of publication, distribution, etc. 1988
300 ## - PHYSICAL DESCRIPTION
Extent xxiii, 619p.
490 ## - SERIES STATEMENT
Series statement IAU symposium; no. 130
650 ## - SUBJECT ADDED ENTRY--TOPICAL TERM
Topical term or geographic name entry element Astronomy and Astrophysics thesaurus
650 ## - SUBJECT ADDED ENTRY--TOPICAL TERM
Topical term or geographic name entry element Cosmology
650 ## - SUBJECT ADDED ENTRY--TOPICAL TERM
Topical term or geographic name entry element Galaxies
9 (RLIN) 1286
650 ## - SUBJECT ADDED ENTRY--TOPICAL TERM
Topical term or geographic name entry element Infrared astronomy
9 (RLIN) 5673
650 ## - SUBJECT ADDED ENTRY--TOPICAL TERM
Topical term or geographic name entry element Radio astronomy
9 (RLIN) 2849
700 ## - ADDED ENTRY--PERSONAL NAME
Personal name Audouze, Jean ed.
9 (RLIN) 9795
700 ## - ADDED ENTRY--PERSONAL NAME
Personal name Pelletan, Mariechristine ed.
9 (RLIN) 15791
700 ## - ADDED ENTRY--PERSONAL NAME
Personal name Szalay, Alex ed.
9 (RLIN) 15792
942 ## - ADDED ENTRY ELEMENTS (KOHA)
Koha item type Books
Holdings
Withdrawn status Lost status Damaged status Not for loan Home library Current library Shelving location Date acquired Total Checkouts Full call number Barcode Date last seen Price effective from Koha item type
        IIA Library-Bangalore IIA Library-Bangalore General Stacks     082.2:52/ IAU-S130 10291 05/11/2021   Books

Powered by Koha